Agravo de Instrumento no Novo CPC Teoria e Prt̀ica /

Bibliographic Details
Main Author: Apoliano Cardoso, Hľio
Format: eBook
Language:Portuguese
Published: San Pablo: JH Mizuno, 2019
Subjects:
Online Access:Acceso restringido

MARC

LEADER 00000nam a22000007a 4500
005 20190723002315.0
007 cr|||| ||||
008 190723s2019 br |||||s|||| 00||0 por d
020 |a 978-85-7789-420-8 
035 |a 23816 
040 |a vLex 
090 |c 9045  |d 9045 
100 1 |a Apoliano Cardoso, Hľio 
245 1 0 |a Agravo de Instrumento no Novo CPC  |h [Recurso electrn̤ico] :  |b Teoria e Prt̀ica /  |c Hľio Apoliano Cardoso 
256 |a Servicio en ln̕ea 
260 |a San Pablo:  |b JH Mizuno,  |c 2019 
300 |a 1 recurso electrn̤ico 
500 |a O presente compn̊dio busca demonstrar ao operador do Direito que o rol estabelecido no artigo 1.015, que regula os casos de admissibilidade do agravo de instrumento, nô ̌tô definido como parece ser, uma vez que pode, sim, permitir o cabimento do agravo de instrumento, mesmo fora da lista da referida norma, via interpretaȯ̂ extensiva. Evidente que nô podemos deixar de reconhecer que uma das principais mudanȧs do CPC de 2015 foi a taxatividade da lista de decise̳s contra as quais cabe agravo de instrumento, trazendo um rol, no artigo 1.015, das possibilidades de cabimento do recurso, e o dispositivo diz que a lista ̌taxativa e nô exemplificativa, tema que dever ̀ser resolvido pela Jurisprudn̊cia e pela Academia. Mesmo diante dessa suposta taxatividade, o autor j ̀vislumbra uma avalancha de decise̳s, que trilharô no caminho de entender o rol do artigo 1.015, nô como taxativo, rg̕ido, mas que pode ter, sim, uma interpretaȯ̂ extensiva, na linha, alis̀, do entendimento da Doutrina e da Quarta Turma do STJ. Ademais, algumas decise̳s devem sempre ser tomadas antes da sentenȧ, e de maneira rp̀ida, esclarecendo que decise̳s de juz̕es incompetentes podem ensejar possv̕eis anulaė̳s, comprometendo a celeridade processual, da ̕o acerto de vislumbrar o artigo 1.015, do NCPC, dentro de uma interpretaȯ̂ extensiva. Esta obra mostra, com base no capital da investigaȯ̂ cientf̕ica, que ̌a Doutrina e no Direito em movimento, que ̌a Jurisprudn̊cia, a possibilidade, sim, de ajuizamento de agravo de instrumento mesmo naqueles casos que nô tenham como base o rol da norma plasmada no artigo 1.015, do NCPC, merc ̊de uma acertada interpretaȯ̂ extensiva, conforme Doutrina e petiė̳s constantes do compn̊dio. Porm̌, o real alcance do citado dispositivo est ̀sendo apreciado pelo Superior Tribunal de Justiȧ-STJ, o qual dever ̀julgar o mřito dos Recursos Especiais nðs 1.704.520-MT e 1.696.396-MT. Referidos recursos ditarô as regras e as hipt̤eses nô previstas no art. 1015, NCPC. 
506 1 |a Disponible solo en los productos indicados  |d vLex Global  |d vLex Global (Academic Edition, excluding Law Schools)  |d vLex Global (U.S. Academic Edition, Law Schools)  |d vLex Global (U.S. Academic Edition, excluding Law Schools)  |d vLex Global (Academic Edition, Law Schools) 
650 0 4 |a Derecho Civil  |z Brasil 
650 0 4 |a Procedimiento Civil  |z Brasil 
740 0 |a vLex Libros (Servicio en ln̕ea) 
856 4 0 |u http://vlex.com/source/agravo-de-instrumento-no-novo-cpc-teoria-e-pratica-23816  |z Acceso restringido 
942 |c BOOK 
999 0 |a Civil Law 
999 0 |a Civil Procedure